• 首页
  • 本馆介绍
  • 公告通知
  • 最新文献
  • 馆藏检索
  • 电子资源
  • 读者导购
  • 参考咨询
  • 我的图书馆
  • 登录
  • 详细信息显示
  • 放入我的书架
  • 预约/预借图书
  • 作者相关作品
  • 分类相关作品
  • 丛书相关作品
  • 出版社相关作品

书目信息

  • 表格格式
  • 工作单格式
  • 卡片格式
题名:
1957:大转弯之谜
    
 
作者: 朱地 著
分册:  
出版信息: 太原   山西人民出版社  1995
页数: 306页
开本: 20cm
丛书名:
单 册:
中图分类: D651.6
科图分类:
主题词: 整风运动 , 反右派斗争
电子资源:
ISBN: 7-203-03331-7
000 00681nam0 2200229 45
001 0197017717
005 20050620150614.3
010    @a7-203-03331-7@dCNY11.00
100    @a19970707d1995 emky0chiy0121 ea
101 0  @achi
102    @aCN@b140000
105    @ay z 000yd
200 10 @a1957:大转弯之谜@A1957: da zhuan wan zhi mi@e整风反右实录@EZheng Feng Fan You Shi Lu@f朱地著@FZhu Di Zhu
210    @a太原@c山西人民出版社@c书海出版社@d1995
215    @a306页@d20cm
517 1  @a整风反右实录@Azheng feng fan you shi lu
606 0  @a整风运动
606    @a反右派斗争
690    @aD651.6@v3
701  0 @a朱地@4著
801  0 @aCN@bNLC@c19970723
905    @dD651.6@e7@f1@b269184
    
    1957:大转弯之谜:整风反右实录/朱地著.-太原:山西人民出版社:书海出版社,1995
    306页;20cm
    
    
    ISBN 7-203-03331-7:CNY11.00
    
●
相关链接 在E读中查询图书 在五车中查询图书 在当当中查询图书 在豆瓣中查询图书


正题名:1957:大转弯之谜     索取号:D651.6/7         预约/预借

序号 登录号 条形码 馆藏地/架位号 状态 备注
1 0269184   000379977   第一样本阅览室/ [索取号:D651.6/7] 在馆    
2 0269185   000379986   第一借阅区/ [索取号:D651.6/7] 在馆    
3 0269186   000379995   第一借阅区/ [索取号:D651.6/7] 在馆    
4 0269187   000379959   第一借阅区/ [索取号:D651.6/7] 在馆    
5 0269188   000379968   第一借阅区/ [索取号:D651.6/7] 在馆    
唐山师范学院图书馆 欢迎您!
大连网信软件有限公司© 版权所有